000 00882nac a22002531u 4500
010 _a 96052021
020 _a082479835X (alk. paper)
082 0 0 _a621.88
_bSPE
090 _c8475
_d8475
100 _aSpeck, James A.,
245 1 0 _aMechanical fastening, joining, and assembly /
_cJames A. Speck.
260 _aNew York :
_bMarcel Dekker,1997.
_cc1997.
300 _avi, 240 p. :
_bill. ;
_c24 cm.
490 1 _aMechanical engineering ;
_v109
500 _aIncludes index.
500 _aDistributer: Al-Ahram
511 _aCatalogued by: Sara
650 0 _aFasteners.
650 0 _aJoints (Engineering)
650 0 _aAssembling machines.
830 0 _aMechanical engineering (Marcel Dekker, Inc.) ;
856 4 2 _3Publisher description
_uhttp://www.loc.gov/catdir/enhancements/fy0648/96052021-d.html
942 _cBB
_k621.88SPE
999 _c8475
_d8475